000 00757nam a22002177a 4500
005 20240530110436.0
008 150408s2012 ua g 000 p ara d
017 _a2012/1629
_bمصر . دار الكتب المصرية
020 _a9789774277281
040 _aEG-CaGPL
082 0 4 _221
_a811.9\
_bف ر
100 0 _aفاروق شوشة.
245 1 2 _aالرحيل الى منبع النهر :
_bشعر /
_cفاروق شوشة.
250 _aط1.
260 _aالقاهرة :
_bالدار المصرية اللبنانية ،
_c2012.
300 _a110 ص ؛
_c21 سم.
650 0 4 _aالشعر العربى.
650 0 4 _aالشعر العربى
_xدواوين وقصائد.
942 _2ddc
_cBK
999 _c60950
_d60950